All 50k+ Cities in Paraguay with a Map - Statistics

General Stats
  • This quiz has been taken 732 times
  • The average score is 7 of 21
Answers on the Map
Answers color-coded by a green-red scale on the quiz's map according to % correct below.
 
Answer Stats
Population City % Correct
521,600 Asunción
99%
304,300 Ciudad del Este
65%
63,500 Concepción
40%
260,200 Luque
40%
258,900 San Lorenzo
39%
97,900 Encarnación
38%
62,900 Caaguazú
32%
95,000 Pedro Juan Caballero
31%
241,000 Capiatá
30%
182,700 Lambaré
28%
52,500 Villarrica
28%
180,200 Fernando de la Mora
25%
150,600 Limpio
25%
144,100 Ñemby
25%
71,700 Coronel Oviedo
24%
65,200 Hernandarias
24%
93,600 Presidente Franco
23%
105,800 Mariano Roque Alonso
22%
81,200 Villa Elisa
19%
84,400 Itauguá
17%
70,000 San Antonio
16%
No matching quizzes found
Score Distribution
Percent of People with Each Score
Percentile by Number Answered
Your Score History
You have not taken this quiz